Network practices : (Record no. 7623)

000 -LEADER
fixed length control field 00819cam a2200241 a 4500
003 - CONTROL NUMBER IDENTIFIER
control field OSt
005 - DATE AND TIME OF LATEST TRANSACTION
control field 20200317105548.0
008 - FIXED-LENGTH DATA ELEMENTS--GENERAL INFORMATION
fixed length control field 061030s2007 nyua b 000 0 eng
020 ## - INTERNATIONAL STANDARD BOOK NUMBER
International Standard Book Number 9781568987019 (alk. paper)
082 00 - DEWEY DECIMAL CLASSIFICATION NUMBER
Classification number 720.285
Edition number 22
Item number ANT
245 00 - TITLE STATEMENT
Title Network practices :
Remainder of title new strategies in architecture and design /
Statement of responsibility, etc Anthony Burke and Therese Tierney, editors.
250 ## - EDITION STATEMENT
Edition statement 1st ed.
260 ## - PUBLICATION, DISTRIBUTION, ETC. (IMPRINT)
Place of publication, distribution, etc New York :
Name of publisher, distributor, etc Princeton Architectural Press,
Date of publication, distribution, etc c2007.
300 ## - PHYSICAL DESCRIPTION
Extent 224 p. :
Other physical details ill. (some col.) ;
Dimensions 23 cm.
504 ## - BIBLIOGRAPHY, ETC. NOTE
Bibliography, etc Includes bibliographical references.
650 #0 - SUBJECT ADDED ENTRY--TOPICAL TERM
Topical term or geographic name as entry element Architecture and technology.
650 #0 - SUBJECT ADDED ENTRY--TOPICAL TERM
Topical term or geographic name as entry element Design and technology.
650 #0 - SUBJECT ADDED ENTRY--TOPICAL TERM
Topical term or geographic name as entry element Computer networks.
700 1# - ADDED ENTRY--PERSONAL NAME
Personal name Burke, Anthony,
Dates associated with a name 1970-
700 1# - ADDED ENTRY--PERSONAL NAME
Personal name Tierney, Therese.
906 ## - LOCAL DATA ELEMENT F, LDF (RLIN)
a 7
b cbc
c orignew
d 1
e ecip
f 20
g y-gencatlg
942 ## - ADDED ENTRY ELEMENTS (KOHA)
Source of classification or shelving scheme
Holdings
Withdrawn status Lost status Source of classification or shelving scheme Damaged status Koha normalized classification for sorting Not for loan Permanent location Current location Date acquired Full call number Barcode Date last seen Price effective from Koha item type
        720_285000000000000_ANT   BMS College of Architecture, Design and Planning BMS College of Architecture, Design and Planning 2020-03-17 720.285 ANT AR-UG1577 2020-03-17 2020-03-17 UG Books
        720_285000000000000_ANT   BMS College of Architecture, Design and Planning BMS College of Architecture, Design and Planning 2020-03-17 720.285 ANT AR-PG283 2020-03-17 2020-03-17 PG Books
Copyright © 2025, The Librarian, Library and Information Centre, BMSCA D&P, Bengaluru. All Rights Reserved
web counter

Powered by Koha